Csongrád megyei Népi Ellenőrző Bizottság a szegedi Vas és Fémipari Szövetkezetnél

Elmentve itt :
Bibliográfiai részletek
Szerző: Fekete Klára
Dokumentumtípus: Cikk
Megjelent: 1979-05-27
Sorozat:Délmagyarország 69 No. 122
Kulcsszavak:népi ellenőrzés
Online Access:http://dmarchiv.bibl.u-szeged.hu/114643
LEADER 00513nab a2200157 i 4500
001 delm114643
005 20190524091204.0
008 190524s1979 hu o 0|| hun d
040 |a SZTE Délmagyarország Archívum  |b hun 
041 |a hun 
100 1 |a Fekete Klára 
245 1 0 |a Csongrád megyei Népi Ellenőrző Bizottság a szegedi Vas és Fémipari Szövetkezetnél  |h [elektronikus dokumentum] /  |c  Fekete Klára 
260 |c 1979-05-27 
300 |a 4 
490 0 |a Délmagyarország  |v 69 No. 122 
695 |a népi ellenőrzés